000 00534nam a22002057a 4500
999 _c498
_d498
008 190903b ||||| |||| 00| 0 eng d
020 _a9780241982358
_cRs. 899.00
040 _aKO
_beng
041 0 _aeng
044 _axxk
082 0 4 _a398.20938
_bG787
_223
100 1 _aGraves, Robert
245 1 4 _aThe Greek myths :
_bthe complete and definitive edition /
_cRobert Graves
260 _aLondon :
_bPenguin Books,
_c2017
300 _a782 p. ;
_c22 cm.
904 _aA_BOSE
905 _aR_RANJAN
942 _cBK